[Event "2 Torneo Un Matto all'ora"]
[Site "?"]
[Date "2023.03.05"]
[Round "4"]
[White "Marchetti, Michael"]
[Black "Perogio, Lorenzo"]
[Result "1-0"]
[WhiteElo "1789"]
[BlackElo "1820"]
[PlyCount "107"]
[EventDate "2023.??.??"]

1. Nf3 c5 2. c4 Nc6 3. Nc3 e5 4. g3 g6 5. Bg2 Bg7 6. d3 Nge7 7. O-O d6 8. a3
O-O 9. Bd2 h6 10. Rb1 a5 11. Nb5 b6 12. b4 axb4 13. axb4 Ra6 14. Nxd6 Qxd6 15.
b5 Ra2 16. bxc6 Qc7 17. Qb3 Ra6 18. Bc3 Nxc6 19. Ra1 Na5 20. Qb5 Rd8 21. Nd2
Qd7 22. Qxd7 Rxd7 23. Bxa5 bxa5 24. Nb3 e4 25. Nxc5 Bxa1 26. Rxa1 exd3 27. exd3
Rad6 28. Nxd7 Bxd7 29. Be4 a4 30. Kf1 Ra6 31. Ke2 Kf8 32. Kd2 Ke7 33. Kc3 Kd6
34. d4 f5 35. Bc2 g5 36. Kb4 Rb6+ 37. Kc3 Ra6 38. Bd3 Ra8 39. Be2 f4 40. c5+
Kc7 41. Bf3 Rb8 42. Kc4 Bb5+ 43. Kc3 fxg3 44. fxg3 Be8 45. Bd5 h5 46. Re1 h4
47. gxh4 gxh4 48. Re7+ Kd8 49. Rh7 a3 50. c6 Rc8 51. Rh6 Kc7 52. Kb3 Ra8 53.
Ka2 Kb6 54. c7+ 1-0